| 000 | 00452nam a2200181Ia 4500 | ||
|---|---|---|---|
| 005 | 20240823021058.0 | ||
| 008 | 240823s9999||||xx |||||||||||||| ||und|| | ||
| 041 | _aENGLISH | ||
| 082 | _A330.9 P6 | ||
| 100 | _aReserve Bank of India | ||
| 245 | 0 | _aReport on Trend and Progress of Banking in India 2005-06 | |
| 250 | _a1st | ||
| 260 |
_c2006 _b#VALUE! |
||
| 500 | _aYES | ||
| 650 |
_aBanking _bManagement Studies |
||
| 942 | _cBK | ||
| 999 |
_c176240 _d176240 |
||